Biostatistics (Record no. 230042)

MARC details
000 -LEADER
fixed length control field 02238nam a22002297a 4500
005 - DATE AND TIME OF LATEST TRANSACTION
control field 20250806115428.0
008 - FIXED-LENGTH DATA ELEMENTS--GENERAL INFORMATION
fixed length control field 240305b ||||| |||| 00| 0 eng d
020 ## - INTERNATIONAL STANDARD BOOK NUMBER
International Standard Book Number 9789351428237
040 ## - CATALOGING SOURCE
Transcribing agency AL
041 ## - LANGUAGE CODE
Language code of text/sound track or separate title English
082 ## - DEWEY DECIMAL CLASSIFICATION NUMBER
Edition number 23
Classification number 519.50574
Item number AROB
100 ## - MAIN ENTRY--PERSONAL NAME
Personal name P N Arora
100 ## - MAIN ENTRY--PERSONAL NAME
9 (RLIN) 234227
245 ## - TITLE STATEMENT
Title Biostatistics
260 ## - PUBLICATION, DISTRIBUTION, ETC.
Place of publication, distribution, etc. Mumbai
Name of publisher, distributor, etc. Himalaya Publishing House
Date of publication, distribution, etc. 2023
300 ## - PHYSICAL DESCRIPTION
Extent 578p
Other physical details PB
Dimensions 24x18.5cm
365 ## - TRADE PRICE
Price type code 7776
Price amount ₹580.00
Currency code
Unit of pricing ₹725.00
Price note 20%
Price effective from 16-02-2024
520 ## - SUMMARY, ETC.
Summary, etc. We take pleasures in presenting to our students, colleagues and readers the second thoroughly revised and enlarged edition of the book Biostatistics. The theoretical discussion in the book has been refined, restructured and updated. While revising the book, a sincere attempt has been made to retain the basic features of the earlier edition, names, viz., lucidity of style, simplicity in presentation and analytic approach to the topics. The following three new chapters have been added to make the book more exhaustive and comprehensive so as to cater to the needs of the students of Biostatistics, Biotechnology, Biology, Pharmacy, Nursing, Public Health, Molecular Biology, Zoology, Medicine, Botany etc.<br/>1. Skewness, Moments and Kurtosis<br/>2. Association of Attributes<br/>3. Models of data presentation with special reference to Biological Sciences.
Expansion of summary note
521 ## - TARGET AUDIENCE NOTE
Target audience note Contents : 1. Introduction to Biostatistics 2. Preliminary Concepts 3. Tabulation and Frequency Distribution 4. Graphical Representation of Data 5. Measures of Central Tendency 6. Measures of Dispersion 7. Skewness, Moments and Kurtosis 8. Correlation Analysis 9. Regression Analysis 10. Probability and Bay`s Theorem 11. Binomial, Poisson and Normal Distributions 12. Hypothesis Testing and Large Samples Tests 13. Students` T-Test 14. Chi-Square Test 15. F-Test or Fisher`s F-Test 16. Demography and Vital Statistics 17. Non-Parametric Methods 18. Factorial Analysis 19. Circular Distributions-and Descriptive Statistics 20. Tests of Significance for Circular Distributions 21. Associations of Attributes 22. Models of Data Presentation with Special Reference to Biological Samples
650 ## - SUBJECT ADDED ENTRY--TOPICAL TERM
Topical term or geographic name entry element Statistics
9 (RLIN) 153201
700 ## - ADDED ENTRY--PERSONAL NAME
Personal name Malhan, P K
9 (RLIN) 152905
942 ## - ADDED ENTRY ELEMENTS (KOHA)
Source of classification or shelving scheme Dewey Decimal Classification
Koha item type Reference
Holdings
Withdrawn status Lost status Source of classification or shelving scheme Damaged status Not for loan Collection code Home library Current library Shelving location Date acquired Source of acquisition Cost, normal purchase price Total Checkouts Full call number Barcode Date last seen Cost, replacement price Price effective from Koha item type
    Dewey Decimal Classification   Reference Book Statistics St Aloysius Library St Aloysius Library Reference Section 02/20/2024 Biblios Book Point Surathkal Mangalore 575014 580.00   519.50574 AROB 077125 03/05/2024 725.00 03/05/2024 Reference